000 00692nam a2200241Ia 4500
003 OSt
005 20221007110322.0
006 a|||||r|||| 00| 0
007 ta
008 221006b |||||||| |||| 00| 0 eng d
024 _a20,875
037 _cTextual
040 _aLCO
_cLCO
_beng
041 _2eng
_aeng
082 _aZ1, K1
245 0 _aStudies in Law
_b An Anthology of Essays in Municipal and International Law
260 _aBombay
_bAsia Publishing House India
_c1961
300 _a524+11
500 _aPatna Law College Golden Jubilee Commemoration Volume
650 _aSTUDIES IN LAW
_9701733
942 _hZ1, K1
_cTEXL
999 _c1190438
_d1190438